000 01713nam a2200481 i 4500
001 54338
003 KOSZ 005
005 20201217141609.0
008 070903s2007 pl l |001 0 pol
015 _aUWD 2007/19257
020 _a9788374834278
035 _a991036242959705066
035 _a(PL-WaBN)b19737117-48omnis_nlop
035 _ab19737117
035 _a(OCoLC)830873713
035 _a(PL)b0000001973711
035 _a(EXLNZ-48OMNIS_NETWORK)9910133213505606
040 _aWA N
_cWA N
_dKOSZ 005/HR
046 _k2003
080 _a347.2(438)
245 0 0 _aPrawo rzeczowe /
_cred. Tomasz Dybowski ; aut. Edward Gniewek [et al.].
250 _a2 wyd.
260 _aWarszawa :
_bWydawnictwo C. H. Beck :
_bInstytut Nauk Prawnych PAN,
_c2007.
300 _aXVII, [1], 584 s. ;
_c25 cm.
336 _aTekst
_btxt
_2rdacontent
337 _aBez urządzenia pośredniczącego
_bn
_2rdamedia
338 _aWolumin
_bnc
_2rdacarrier
380 _aKsiążki
388 _a2001-
490 1 _aSystem prawa prywatnego / red. nacz. Zbigniew Radwański ;
_vt. 3
504 _aBibliogr. przy rozdz. Indeks.
650 7 _aPrawo rzeczowe
_2DBN
651 7 _aPolska
_2DBN
658 _aPrawo i wymiar sprawiedliwości
700 1 _aDybowski, Tomasz
_d(1923-2009)
_eRedakcja
700 1 _aGniewek, Edward
_d(1947- )
_eAutor
_eRedakcja
700 1 _aRadwański, Zbigniew
_d(1924-2012)
_eRedakcja
710 2 _aWydawnictwo C.H. Beck
_4pbl
830 0 _aSystem prawa prywatnego
_vt. 3
856 _uhttp://koha.tu.koszalin.pl/cgi-bin/koha/opac-detail.pl?biblionumber=54338
_yKatalog online BPK
942 _2UKD
_cKS
999 _c54338
_d54338